Available copies
- 10 of 11 copies available at LARL/NWRL Consortium.
- 3 of 3 copies available at Lake Agassiz Regional Library. (Show preferred library)
Current holds
1 current hold with 11 total copies.
View other formats and editions
Show Only Available Copies
| Location | Call Number / Copy Notes | Barcode | Shelving Location | Status | Due Date |
|---|---|---|---|---|---|
| Warroad Public Library | LOU (Text) | 35500006645186 | Main | Available | - |
| « Previous 10 | |||||
Record details
- ISBN: 1542027012
- ISBN: 9781542027014
- Physical Description: 294 pages : illustrations ; 21 cm.
- Publisher: Seattle, WA : Thomas & Mercer, [2021]
- Copyright: ©2021
Content descriptions
| Summary, etc.: | In the summer of 1984, 14-year-old Frankie Jubilee ... Read More |
Search for related items by subject
| Subject: | Teenage girls > Fiction. Missing persons > Fiction. Satanism > Fiction. Minnesota > Fiction. Minnesota. |
| Genre: | Fiction. Thrillers (Fiction) Suspense fiction. Thrillers (Fiction) |
| LDR | 01709cam a2200433Ii 4500 | ||
|---|---|---|---|
| 001 | 375575 | ||
| 003 | LARL_NWRL_CONSORTIUM | ||
| 005 | 20211122222249.0 | ||
| 008 | 210630s2021 waua 000 1 eng d | ||
| 040 | . | ‡aYDX ‡beng ‡cYDX ‡dBDX ‡dUKMGB ‡dOCLCO ‡dOCLCF ‡dWIQ ‡dTDS | |
| 015 | . | ‡aGBC1D1996 ‡2bnb | |
| 016 | 7 | . | ‡a020290330 ‡2Uk |
| 020 | . | ‡a1542027012 ‡q(paperback) | |
| 020 | . | ‡a9781542027014 ‡q(paperback) | |
| 035 | . | ‡a(OCoLC)1258072547 | |
| 082 | 0 | 4. | ‡a813.6 ‡223 |
| 100 | 1 | . | ‡aLourey, Jess, ‡d1970- ‡eauthor. ‡0(LARL_NWRL_CONSORTIUM)194889 |
| 245 | 1 | 0. | ‡aLitani / ‡cJess Lourey. |
| 264 | 1. | ‡aSeattle, WA : ‡bThomas & Mercer, ‡c[2021] | |
| 264 | 4. | ‡c©2021 | |
| 300 | . | ‡a294 pages : ‡billustrations ; ‡c21 cm. | |
| 336 | . | ‡atext ‡btxt ‡2rdacontent | |
| 337 | . | ‡aunmediated ‡bn ‡2rdamedia | |
| 338 | . | ‡avolume ‡bnc ‡2rdacarrier | |
| 520 | . | ‡aIn the summer of 1984, 14-year-old Frankie Jubilee is sent to live with her estranged mother in the small Minnesota town of Litani. The locals whisper about "The Game," her mother warns her to stay out of the woods and away from adults, and Frankie begins to wonder if she living among monsters, even in the bright light of day. | |
| 650 | 0. | ‡aTeenage girls ‡vFiction. ‡0(LARL_NWRL_CONSORTIUM)167625 | |
| 650 | 0. | ‡aMissing persons ‡vFiction. ‡0(LARL_NWRL_CONSORTIUM)165976 | |
| 650 | 0. | ‡aSatanism ‡vFiction. ‡0(LARL_NWRL_CONSORTIUM)174789 | |
| 651 | 0. | ‡aMinnesota ‡vFiction. ‡0(LARL_NWRL_CONSORTIUM)166041 | |
| 651 | 7. | ‡aMinnesota. ‡2fast ‡0(LARL_NWRL_CONSORTIUM)55629 | |
| 655 | 7. | ‡aFiction. ‡2fast | |
| 655 | 7. | ‡aThrillers (Fiction) ‡2fast | |
| 655 | 7. | ‡aSuspense fiction. ‡2gsafd | |
| 655 | 7. | ‡aThrillers (Fiction) ‡2lcgft | |
| 901 | . | ‡a375575 ‡bOCoLC ‡c375575 ‡tbiblio ‡soclc | |

Add to basket
Permalink
Disable Highlighting